000 00880nam a2200217 i 4500
001 156888
003 ES-MaACL
005 20250717090418.0
008 990125s1881 fr |||| | fre d
040 _aCCPB | B
_bspa
_cCCPB | B
100 1 _aLagarrigue, Jorge.
_9128589
245 1 2 _aL'Espagne et Calderon de la Barca /
_cpar J. Lagarrigue (du Chili).
260 _aParis :
_bau Siège Social du Positivisme,
_c1881 (
_eVersailles :
_fImprimerie de E. Aubert)
300 _a108 p. ;
_c23 cm.
594 _aPrecede al tít.: République Occidentale, Ordre et progrès, Vivre pour autrui.
597 _aAntep.
600 1 4 _aCalderón de la Barca, Pedro-
_vAniversarios y centenarios
_933612
650 0 7 _aPositivismo
_2embne
_916324
852 _aES-MaACL
_jT-422-F-4
_z-- Enc. hol., falto de la cub. original
_z-- Enc. en un vol. facticio
999 _c156888
_d156888